Το Νόημα της Ζωής (Record no. 6287)
[ view plain ]
| 000 -LEADER | |
|---|---|
| fixed length control field | 01185cam a22002054a 4500 |
| 005 - ΗΜΕΡΟΜΗΝΙΑ ΚΑΙ ΩΡΑ ΤΕΛΕΥΤΑΙΑΣ ΕΝΗΜΕΡΩΣΗΣ | |
| Πεδίο ελέγχου | 20250605164238.0 |
| 008 - FIXED-LENGTH DATA ELEMENTS--GENERAL INFORMATION | |
| Πεδίο ελέγχου σταθερού μήκους | 250528s ||||||||||||||||||||||||d |
| 035 ## - SYSTEM CONTROL NUMBER | |
| System control number | 21220 |
| 020 ## - ISBN | |
| ISBN | 9789604537457 |
| 040 ## - ΠΗΓΗ ΚΑΤΑΛΟΓΟΓΡΑΦΗΣΗΣ | |
| Φορέας πρωτότυπης καταλογογράφησης | MC Athens Campus Library |
| Γλώσσα καταλογογράφησης | Ελληνικά, Μοντέρνα (1453-) |
| Modifying agency | MC Athens Campus Library |
| Κανόνες περιγραφικής καταλογογράφησης | AACR2 |
| 245 1# - ΤΙΤΛΟΣ ΚΑΙ ΔΗΛΩΣΗ ΥΠΕΥΘΥΝΟΤΗΤΑΣ | |
| Τίτλος | Το Νόημα της Ζωής |
| 250 ## - EDITION STATEMENT | |
| Edition statement | 1η |
| 260 ## - PUBLICATION, DISTRIBUTION, ETC. | |
| Name of publisher, distributor, etc. | Ψυχογιός, |
| Date of publication, distribution, etc. | 2010 |
| 300 ## - PHYSICAL DESCRIPTION | |
| Extent | 256 |
| 520 ## - SUMMARY, ETC. | |
| Summary, etc. | Ένα βιβλίο-σταθμός στην ανθρωπότητα. Ένα βιβλίο-ύμνος στον άνθρωπο. Πρόλογος - Χάρολντ Σ. Κούσνερ, Πρόλογος στην Έκδοση του 1992, Εμπειρίες σ'ένα Στρατόπεδο Συγκέντρωσης, Η Λογοθεραπεία με Λίγα Λόγια, Υστερόγραφο 1984: Για Έναν Τραγικό Οπτιμισμό, Επίλογος - Ουίλιαμ Τζ. Ουίνσλεϊντ, Επίμετρο στην Ελληνική Έκδοση, Κάνοντας Οίστρο της Ζωής, Τον Τρόμο του Θανάτου, Γιώργος-Ίκαρος Μπαμπασάκης. |
| 700 1# - ΠΡΟΣΘΕΤΗ ΑΝΑΓΡΑΦΗ--ΦΥΣΙΚΟ ΠΡΟΣΩΠΟ | |
| Personal name | Frankl Victor E |
| 9 (RLIN) | 2873 |
| 942 ## - ADDED ENTRY ELEMENTS (KOHA) | |
| Koha item type | Books |
| Τύπος τεκμηρίου | Βιβλιοθήκη | Τρέχουσα τοποθεσία | Barcode | Αριθμός εισαγωγής | Ημερομηνία απόκτησης | Ταξιθετικό σύμβολο | Αριθμός αντιτύπου | Κατάσταση απόσυρσης | Κατάσταση χαμένου | Κατάσταση κατεστραμμένου | Μη δανεισμός | Σύνολο δανεισμών | Ημερομηνία τελευταίας εμφάνισης | Η τιμή ισχύει από |
|---|---|---|---|---|---|---|---|---|---|---|---|---|---|---|
| Books | MC Athens Campus Library | MC Athens Campus Library | 9780000062864 | 5027 | 05/06/2025 | 150.195 3 FRA | 1 | 05/06/2025 | 05/06/2025 |